|
|
|
|
| LEADER |
00000nam0a2200000 4500 |
| 001 |
312377 |
| 005 |
20231102002459.0 |
| 035 |
|
|
|a (RuTPU)RU\TPU\book\337745
|
| 090 |
|
|
|a 312377
|
| 100 |
|
|
|a 20151221d1959 m y0rusy50 ca
|
| 101 |
1 |
|
|a rus
|c eng
|
| 102 |
|
|
|a RU
|
| 105 |
|
|
|a y z 000zy
|
| 200 |
1 |
|
|a Определение компонентов топлива с помощью изотопов
|e пер. с англ.
|e перевод № 325/59II
|f Государственный научно-исследовательский институт научной и технической информации (ГОСИНТИ) ; пер. И. К. Романова
|
| 210 |
|
|
|a Москва
|c Изд-во ГОСИНТИ
|d 1959
|
| 215 |
|
|
|a 5 с.
|
| 225 |
1 |
|
|a Перевод
|
| 606 |
1 |
|
|a Автомобильное топливо
|2 stltpush
|3 (RuTPU)RU\TPU\subj\1106
|9 29894
|
| 610 |
1 |
|
|a присадки
|
| 610 |
1 |
|
|a компоненты
|
| 610 |
1 |
|
|a автомобильные двигатели
|
| 610 |
1 |
|
|a конструкции
|
| 610 |
1 |
|
|a состав
|
| 610 |
1 |
|
|a топливно-воздушные смеси
|
| 610 |
1 |
|
|a изотопный метод
|
| 675 |
|
|
|a 621.431.73-6
|v 4
|
| 702 |
|
1 |
|a Романова
|b И. К.
|4 730
|
| 712 |
0 |
2 |
|a Государственный научно-исследовательский институт научной и технической информации (ГОСИНТИ)
|c (Москва)
|c (1957-1981)
|2 stltpush
|3 (RuTPU)RU\TPU\col\8267
|
| 801 |
|
1 |
|a RU
|b 63413507
|c 20151221
|
| 801 |
|
2 |
|a RU
|b 63413507
|c 20170118
|g RCR
|
| 942 |
|
|
|c BK
|